00511nam a22001577a 450000500170000000800410001702000150005804100130007308200150008610000470010124500810014825000190022926000470024830000320029565000260032720231115133124.0231115b |||||||| |||| 00| 0 eng d a0702131628 aEnglish  a344.1 LER  aLe Roux, PAK and van Niekerk, A lEnglish  aThe South African Law of Unfair Dismissal / cPAK Le Roux and A van Niekerk  aFirst Edition  aCape Town : bJuta and Company Ltd, c1994 bxl, 355 pages ; c25,5 cm.  aLegal practice bLaw